Регионална библиотека "Любен Каравелов" - Русе

Червен - градът на скалите (Запис номер 74391)

MARC детайли
000 -Лидер
Контролно поле с фиксирана дължина 01829nam a2200433 c 4500
003 - Код на организацията, давaща контролен номер
Контролно поле BLK
005 - Дата и час на последна редакция
Контролно поле 20221129142220.0
008 - Елементи от данни с фиксирана дължина
fixed length control field 180408b bul|||||r ||||||| ||bul||
010 ## - Наследен системен номер
LC control number KNG00078790000
020 ## - Международен стандартен номер на книга ISBN
Международен стандартен номер на книга ISBN 978-954-579-634-0
040 ## - Източник на каталожния запис
Идентификатор на билиотеката - собственик на записа BLK
041 ## - Код за език
Код за езика на текст/звукозапис или на отделно заглавие Български
Код за езика КДБФ Български
072 #7 - Код за тематичната категория
Код организация bullib
Код за тематична категория К
Текст Краезнание
072 #7 - Код за тематичната категория
Код организация bullib
Код за тематична категория РА
Текст Русенски автори
080 ## - УДК
Текстов определител УДК Паметници на културата на историческите периоди. Археологическите паметници. Старини
УДК код - определител по УДК 904
УДК определител (497.21-21)
УДК - код + определител 904(497.21-21)
100 1# - Редна дума - Автор
Автор Йорданов, Стоян Иванов
Авторска отговорност първи автор
R(LIN) 370223
139 ## - Редно поле
Редна дума Йорданов, Стоян Иванов
Авторски знак Иорд - И 83
245 10 - Сведения за заглавието
Заглавие Червен - градът на скалите
Редно поле (дума) Стоян Иванов Йорданов.
257 ## - Страна на издаване
Страна на създаване/издаване България
260 ## - Област на издателските данни
Име на издателя, разпространителя и проч. Славена
Година на издаване 2007
300 ## - Физическа характеристика
Страници 48 с.
Илюстрации и др. с цв. ил.
Размери/Мащаб 16Х16 см
380 ## - Жанр
Жанр История
490 1# - СЕРИИ (Колекции)
Име на серия Библиотека Културно-историческо наследство
650 #4 - Допълнително описание по предмет – тема
Основно описание – тема или топоним Археологически паметници - Червен, Русенска обл.
9 (RLIN) 290265
650 #4 - Допълнително описание по предмет – тема
Основно описание – тема или топоним Крепости, български, средновековни - Червен, Русенска обл.
9 (RLIN) 290266
650 #4 - Допълнително описание по предмет – тема
Основно описание – тема или топоним България - старини
9 (RLIN) 262139
651 #4 - Допълнително описание по предмет - топоним
Географско понятие Червен
9 (RLIN) 179772
651 #4 - Допълнително описание по предмет - топоним
Географско понятие Русенско
9 (RLIN) 179464
653 ## - Ключова дума – ненормативна
Ключова дума археологически паметници
653 ## - Ключова дума – ненормативна
Ключова дума крепости
653 ## - Ключова дума – ненормативна
Ключова дума Червен
653 ## - Ключова дума – ненормативна
Ключова дума старини
659 ## - Тематичен бюлетин
Тематичен бюлетин К
852 ## - Местоположение
Форматна сигнатура Цб І 32767
852 ## - Местоположение
Форматна сигнатура К 9/И 83
856 4# - Електронен адрес и достъп
Електронен формат pdf - файл
856 4# - Електронен адрес и достъп
Електронен формат pdf - файл
999 ## - СИСТЕМНИ КОНТРОЛНИ НОМЕРА
Koha biblionumber 74391
Koha biblioitemnumber 74391
942 ## - АРТИКУЛИ
Вид на библиотечния материал Книги
Скрит в OPAC Не
Периодичен библиозапис Да
Koha issues (borrowed), all copies 1
944 ## - СЪЗДАВАНЕ И РЕДАКЦИЯ на ЗАПИСА
Създаване/Редакция Създаване
Дата на регистрацията/редакция 31.10.2007
Статус, дата на статуса ф /
Служител, извършил регистрацията/редакцията Пенка_Димитрова
944 ## - СЪЗДАВАНЕ И РЕДАКЦИЯ на ЗАПИСА
Създаване/Редакция Редакция
Дата на регистрацията/редакция 14.11.2014
Статус, дата на статуса ф /
Служител, извършил регистрацията/редакцията Людмила_Стоянова
999 ## - СИСТЕМНИ КОНТРОЛНИ НОМЕРА
Koha biblioitemnumber 74391
Наличности
Код за отписване Код за изгубен артикул Код за повреда Коз за рестрикции Код за отдаване Артикулен № Име на библиотеката - собственик Име на библиотеката, в която се намира в момента Статус (Текущо местоположение) Дата на вписване в системата Местоположение - отдел Цена в лева Инвентарен номер Систематично азбучна сигнатура Баркод Номер на екземпляра Цена в евро Служебна бележка Служебен тип на артикула
  Не е изгубен Не е повреден без рестрикции ползва се в читалня 121087 Регионална библиотека "Любен Каравелов" Русе Регионална библиотека "Любен Каравелов" Русе Краезнание 2007-10-31 Краезнание 4.00 120000719122 К 9/И 83 120000719122 1 2.05 Дост: DA Вид: А N: 11 Дата: 31.10.2007 Дата инв: 06.11.2017 Бележки инв: К2017 Книги
  Не е изгубен Не е повреден без рестрикции ползва се в читалня 121088 Регионална библиотека "Любен Каравелов" Русе Регионална библиотека "Любен Каравелов" Русе Хранилище 2008-02-14 Хранилище 4.00 120000723313 Цб І 32767 120000723313 2 2.05 Дост: Dp Вид: Д N: 46 Дата: 24.10.2007 Книги
  Не е изгубен Не е повреден без рестрикции заемане за дома 121089 Регионална библиотека "Любен Каравелов" Русе Регионална библиотека "Любен Каравелов" Русе Детски отдел 2014-11-05 Детски отдел 4.00 120000781913 ДН 9/И 83 120000781913 3 2.05 Дост: DA Вид: А N: 24 Дата: 05.11.2014 Дата инв: 24.08.2015 Бележки инв: Д2015 Книги
Vip Innovations Ltd, Rousse, Bulgaria 2025